[Event "TUN-chB"]
[Site "Hammamet "]
[Date "2015.06.14"]
[Round "3"]
[White "Hbacha, Achraf"]
[Black "Amine, Meddeb"]
[Result "0-1"]
[WhiteElo "2091"]
[BlackElo "1840"]
[PlyCount "40"]
[EventDate "2015.06.13"]
[EventType "swiss"]
[EventRounds "9"]
[EventCountry "TUN"]
[SourceTitle "EXT 2018"]
[Source "ChessBase"]
[SourceDate "2017.10.13"]
[SourceVersion "1"]
[SourceVersionDate "2017.10.13"]
[SourceQuality "1"]

1. c4 c5 2. Nc3 Nf6 3. d3 g6 4. g3 Bg7 5. Bg2 0-0 6. e4 d6 7. Nf3 Nc6 8. 0-0 Rb8 9. Rb1 a6 10. Ne1 Bd7 11. Nc2 b5 12. cxb5 axb5 13. b4 cxb4 14. Nxb4 Nxb4 15. Rxb4 Qc7 16. Qb3 Be6 17. Qb2 Nxe4 18. Rxe4 Bxc3 19. Qa3 Ra8 20. Rc4 bxc4 0-1